Préfectures par département - Statistiques

Statistiques générales
  • Ce quiz a été pris 32 fois
  • Le résultat moyen est 66 sur 101
Statistiques - réponses
Hint Réponse % Correct
Gironde Bordeaux
100%
Bouches-du-Rhône Marseille
100%
Haute-Garonne Toulouse
100%
Côte d'Or Dijon
97%
Nord Lille
97%
Alpes-Maritimes Nice
97%
Corse-du-Sud Ajaccio
93%
Rhône Lyon
93%
Loire-Atlantique Nantes
93%
Ille-et-Vilaine | Indre-et-Loire Rennes
93%
Bas-Rhin Strasbourg
93%
Vendée La-Roche-sur-Yon
90%
Paris Paris
90%
Var Toulon
90%
Maine-et-Loire Angers
87%
Haute-Corse Bastia
87%
Isère Grenoble
87%
Charente-Maritime La Rochelle
87%
Hérault Montpellier
87%
Ain Bourg-en-Bresse
83%
Meurthe-et-Moselle Nancy
83%
Calvados Caen
80%
Puy-de-Dôme Clermont-Ferrand
80%
Finistère Quimper
80%
La Réunion Saint-Denis
80%
Hautes-Alpes Gap
77%
Gard Nîmes
77%
Loire Saint-Etienne
77%
Yvelines Versailles
77%
Territoire de Belfort Belfort
73%
Aude Carcassonne
73%
Loiret Orléans
73%
Aube Troyes
73%
Somme Amiens
70%
Doubs Besançon
70%
Eure-et-Loire Chartres
70%
Haut-Rhin Colmar
70%
Mayenne Laval
70%
Sarthe Le-Mans
70%
Haute-Vienne Limoges
70%
Deux-sèvres Niort
70%
Pyrénées-Atlantiques Pau
70%
Vienne Poitiers
70%
Seine-Maritime Rouen
70%
Drôme Valence
70%
Charente Angoulême
67%
Haute-Savoie Annecy
67%
Yonne Auxerre
67%
Cher Bourges
67%
Moselle Metz
67%
Côtes d'Armor Saint-Brieuc
67%
Orne Alençon
63%
Martinique Fort-de-France
63%
Morbihan Vannes
63%
Oise Beauvais
60%
Ardennes Charleville-Mézières
60%
Val-de-Marne Créteil
60%
Eure Evreux
60%
Creuse Guéret
60%
Dordogne Périgueux
60%
Pyrénées-Orientales Perpignan
60%
Corrèze Tulle
60%
Vaucluse Avignon
57%
Savoie Chambéry
57%
Indre Châteauroux
57%
Alpes-de-Haute-Provence Digne-les-Bains
57%
Essonne Evry-Courcouronnes
57%
Landes Mont-de-Marsan
57%
Allier Moulins
57%
Nièvre Nevers
57%
Aveyron Rodez
57%
Manche Saint-Lô
57%
Cantal Aurillac
53%
Vausges Epinal
53%
Ariège Foix
53%
Aisne Laon
53%
Seine-et-Marne Melun
53%
Ardèche Privas
53%
Marne Châlons-en-Champagne
50%
Mayotte Mamoudzou
50%
Tarn-et-Garonne Montauban
50%
Gers Auch
47%
Loir-et-Cher Blois
47%
Guyane Cayenne
47%
Haute-Loire Le-Puy-en-Velay
47%
Jura Lons-le-Saunier
47%
Lozère Mende
47%
Hauts-de-Seine Nanterre
47%
Haute-Saône Vesoul
47%
Tarn Albi
43%
Meuse Bar-le-Duc
43%
Guadeloupe Basse-Terre
43%
Saône-et-Loire Mâcon
43%
Hautes-Pyrénées Tarbes
43%
Seine-Saint-Denis Bobigny
40%
Val-d'Oise Cergy
37%
Haute-Marne Chaumont
33%
Lot-et-Garonne Agen
30%
Pas-de-Calais Aras
27%
Lot Cahort
0%
Aucun quiz correspondant
Distribution des résultats
% des personnes avec chaque résultat
Percentile par nombre de réponses
Votre historique - résultats
Vous n’avez pas pris ce quiz